000 01701nam a22003737a 4500
005 20111007142627.0
010 _aG-001712
020 _a9781905294237
_c225.00
020 _a1905294239
_c225.00
035 _aG-001712
035 _aG-001712
082 0 0 _aN
100 1 _aWild, K.
_q(Kate),
_d1954-
_935309
245 1 0 _aFight game /
_cKate Wild.
250 _a1st American ed.
260 _aSomerset (U.K.):
_bChicken House,
_c2007.
260 _aNew Delhi
_bScholastic India
_c2007 (reprint).
270 _a2 palmer street, Frome,
_bSomerset U.K.
300 _a270 p. ;
_c22 cm. (Pbk)
520 _aFifteen-year-old Freedom Smith is a fighter, just like all of his relatives who have the "Hercules gene," which leads him to a choice between being jailed for attempted murder or working with a covert law enforcement agency to break up a mysterious, illegal fight ring.
650 0 _aHand-to-hand fighting
_vJuvenile fiction.
_935310
650 0 _aSpy stories.
_935311
650 0 _aUndercover operations
_vJuvenile fiction.
_935312
650 0 _aGenetic engineering
_vJuvenile fiction.
_935313
650 0 _aScience fiction.
_935314
650 1 _aHand-to-hand fighting
_vFiction.
_935315
650 1 _aSpies
_vFiction.
_935316
650 1 _aUndercover operations
_vFiction.
_935317
650 1 _aGenetic engineering
_vFiction.
_935318
650 1 _aScience fiction.
_935319
942 _2ddc
_cCH
_hN
_mWIL
999 _c57388
_d57388